书目信息 |
| 题名: |
服装专题设计
|
|
| 作者: | 陈长敏 主编 | |
| 分册: | ||
| 出版信息: | 北京 高等教育出版社 2000.05 |
|
| 页数: | 112页 | |
| 开本: | 26cm | |
| 丛书名: | ||
| 单 册: | ||
| 中图分类: | TS941.2 | |
| 科图分类: | ||
| 主题词: | 服装工业 | |
| 电子资源: | ||
| ISBN: | 7-04-007839-2 | |
| 000 | 00640nam0 2200217 45 | |
| 001 | 0304111587 | |
| 005 | 20030411154227.1 | |
| 010 | @a7-04-007839-2@d18.00元 | |
| 100 | @a20030411d2000 km y0chiy0120 ea | |
| 101 | 0 | @achi |
| 105 | @a z 000yy | |
| 200 | 1 | @a服装专题设计@AFu Zhuang Zhuan Ti She Ji@f陈长敏主编@FChen Chang Min Zhu Bian |
| 210 | @a北京@c高等教育出版社@d2000.05 | |
| 215 | @a112页@c图@d26cm | |
| 300 | @a教育部规划教材 | |
| 303 | @a高等职业技术院校服装设计与工艺专业 | |
| 606 | 0 | @a服装工业 |
| 690 | @aTS941.2@v3 | |
| 701 | 0 | @a陈长敏@4主编 |
| 801 | @aCN@bPftUser@c20030411 | |
| 905 | @aBZT@b346799-801@dTS941.2@e12@f3 | |
| 服装专题设计/陈长敏主编.-北京:高等教育出版社,2000.05 |
| 112页:图;26cm |
| 教育部规划教材 |
| ISBN 7-04-007839-2:18.00元 |
| ● |
| 相关链接 |
|
|
|
正题名:服装专题设计
索取号:TS941.2/12
 
预约/预借
| 序号 | 登录号 | 条形码 | 馆藏地/架位号 | 状态 | 备注 |
| 1 | 346799 | 201354426 | 样本书库/样005架A面4层3列/ [索取号:TS941.2/12] | 在馆 | |
| 2 | 346800 | 201354435 | 中心书库中库/ 中库024架B面2列2层7/ [索取号:TS941.2/12] | 在馆 | |
| 3 | 346801 | 201354408 | 中心书库中库/ 中库024架B面2列2层6/ [索取号:TS941.2/12] | 在馆 |